UBT Library

Nutrition concepts and controveries: (Record no. 1716)

000 -LEADER
fixed length control field 00302nam a22001217a 4500
008 - FIXED-LENGTH DATA ELEMENTS--GENERAL INFORMATION
fixed length control field 160430b xxu||||| |||| 00| 0 eng d
020 ## - INTERNATIONAL STANDARD BOOK NUMBER
International Standard Book Number 9780534578008
020 ## - INTERNATIONAL STANDARD BOOK NUMBER
International Standard Book Number 0533778004
041 ## - LANGUAGE CODE
Language code of text/sound track or separate title eng
080 ## - UNIVERSAL DECIMAL CLASSIFICATION NUMBER
Universal Decimal Classification number 612.39
245 ## - TITLE STATEMENT
Title Nutrition concepts and controveries:
Statement of responsibility, etc Jana Kicklighter;
942 ## - ADDED ENTRY ELEMENTS (KOHA)
Source of classification or shelving scheme
Item type Books
Holdings
Withdrawn status Lost status Source of classification or shelving scheme Damaged status Not for loan Collection code Permanent location Current location Shelving location Date acquired Total Checkouts Full call number Barcode Date last seen Price effective from Koha item type
          Koleksioni i përgjithshem UBT - Lipjan UBT - Lipjan Koleksioni i përgjithshem 04/30/2016   612.39 KIC 002-028029 04/30/2016 04/30/2016 Books
UBT Library © 2015-2024. All rights reserved University Education for Business and Technology